Loading...
| History - World | 0 | 4 | 1 | 0 | 35 | 44 | 76.00 | 0 | 2 | 14.47 | 25.45 |
| Fine Arts - Other | 0 | 3 | 0 | 0 | 30 | 76 | 92.00 | 0 | 2 | 8.70 | 18.18 |
| Fine Arts - Painting and Sculpture | 0 | 3 | 0 | 0 | 30 | 102 | 108.67 | 0 | 1 | 5.30 | 18.18 |
| Religion | 0 | 3 | 0 | 0 | 30 | 50 | 97.00 | 1 | 1 | 6.94 | 19.09 |
| Philosophy | 0 | 3 | 1 | 0 | 25 | 87 | 98.67 | 0 | 0 | 6.94 | 14.55 |
| Current Events | 0 | 2 | 0 | 2 | 20 | 121 | 128.50 | 0 | 0 | -0.28 | 10.00 |
| Literature - World | 0 | 2 | 0 | 0 | 20 | 48 | 71.00 | 1 | 2 | 9.32 | 17.27 |
| Other Academic | 0 | 2 | 0 | 1 | 20 | 130 | 132.50 | 0 | 0 | 5.49 | 10.00 |
| Geography | 0 | 2 | 0 | 0 | 20 | 19 | 55.00 | 1 | 2 | 29.49 | 45.00 |
| History - European | 0 | 2 | 0 | 1 | 20 | 85 | 118.00 | 0 | 1 | 2.87 | 5.45 |
| History - Other | 0 | 2 | 0 | 0 | 20 | 110 | 115.00 | 0 | 0 | 1.97 | 10.91 |
| Science - Biology | 0 | 2 | 1 | 0 | 15 | 91 | 106.50 | 0 | 1 | 2.68 | 10.00 |
| Literature - British | 0 | 1 | 0 | 0 | 10 | 52 | 52.00 | 0 | 1 | 5.61 | 7.27 |
| Literature - American | 0 | 1 | 0 | 0 | 10 | 144 | 144.00 | 0 | 0 | 0.00 | 1.82 |
| Mythology | 0 | 1 | 1 | 0 | 5 | 113 | 113.00 | 0 | 1 | 1.25 | 7.27 |
| Social Science | 0 | 1 | 1 | 1 | 5 | 89 | 89.00 | 0 | 0 | 1.93 | 4.55 |
| Literature - European | 0 | 0 | 0 | 0 | 0 | 0.00 | 0 | 0 | 0.00 | 0.00 | |
| History - American | 0 | 1 | 2 | 0 | 0 | 69 | 69.00 | 1 | 1 | 4.37 | 9.09 |